| 000 | 00704nam a22002175i 4500 | ||
|---|---|---|---|
| 001 | 48389 | ||
| 003 | ES-MaACL | ||
| 005 | 20250917063035.0 | ||
| 007 | t| | ||
| 008 | 950713q18901900sp ||||1| spa d | ||
| 040 |
_aCAM _bspa _cCAM |
||
| 100 | 1 |
_aDaudet, Alphonse, _d1840-1897 _942799 |
|
| 245 | 1 | 0 |
_aJack / _cpor Alfonso Daudet. |
| 260 |
_aMadrid : _bLa España Moderna, _c[s.a.] |
||
| 300 |
_a2 v. (329 ; 336 p.) ; _c17 cm. |
||
| 490 | 1 | _aColección de libros escogidos | |
| 500 | _aLa "Colección de libros escogidos" de La España Moderna se publica entre 1890 y 1900. | ||
| 830 | 0 |
_aColección de libros escogidos _9181858 |
|
| 852 |
_aES-MaACL _jA-1707-8 |
||
| 999 |
_c48389 _d48389 |
||